Filosofía del trabajo /
Guardado en:
| Autor Principal: | |
|---|---|
| Formato: | Libro |
| Publicado: |
Buenos Aires :
Del Atl ntico,
1955
|
| Materias: | |
| Etiquetas: |
Agregar Etiqueta
Sin Etiquetas, Sea el primero en etiquetar este registro!
|
| LEADER | 00466nam a22001695a 4500 | ||
|---|---|---|---|
| 001 | CEM.cems007251 | ||
| 005 | 20060214000000.0 | ||
| 008 | 130507s1955##################000#0#####d | ||
| 003 | CEMS | ||
| 082 | 0 | 4 | |a 331.01 |
| 100 | 1 | |a Athayde, Tristan De | |
| 245 | 1 | 0 | |a Filosofía del trabajo / |
| 260 | |a Buenos Aires : |b Del Atl ntico, |c 1955 | ||
| 300 | |a 63 p. | ||
| 653 | |a Filosofia del trabajo | ||
| 653 | |a Trabajo | ||
| 859 | |a CEMS |b BIB. CEMS - 11 de abril |h 331.01 |i At12 |p 15712.90 |t Ej.1 | ||
